00757nam a2200217Ia 4500003000200000005001700002008004100019050002700060100002200087245009500109260009000204300002800294504004100322650001500363650001700378650003600395650002500431650002100456650003800477650002400515020250131190306.0190909s9999 xx 000 0 und d aPGS BF 697b.Oc15 2017 aOcampo, Jezzine.  aProfanity affecting the personality of SISC senior high school students /cJezzine Ocampo. aLas Piñas City, Philippines :bSouthville International School and Colleges,c2017. a25 p. :bill. ;c28 cm. aIncludes bibliographical references. aProfanity. aPersonality. aSocial behavior in adolescents. aAdolescent behavior. aYouthvLanguage. aHigh school studentsvPsychology. aLanguage and youth.